000 00300nam a22001337a 4500
008 181031b xxu||||| |||| 00| 0 eng d
020 _a9780155070592
041 _aeng
080 _23rd
_a371
100 _a46
101 _aEDU
245 _aThe Thoughtful Reader
_cFjeldstad,M.C
942 _2udc
_cBK
999 _c51233
_d51233